| 000 | 01637nam a2200253 a 4500 | ||
|---|---|---|---|
| 008 | 110111s2003 ||||||||||||||||| || u | ||
| 050 | _aSD 356.54.A37 For | ||
| 100 | _aSpilsbury, M. J | ||
| 245 | 1 | 0 |
_aForest-related research capacity in Eastern Africa _cby M. J. Spilsbury [and others] |
| 260 |
_aItaly: _bFAO _c2003 |
||
| 300 | _avi, 78p.: ill | ||
| 350 | _a0.00 | ||
| 650 | _aFORESTRY | ||
| 650 | _aFORESTS AND FORESTRY--RESEARCH--AFRICA, EASTERN | ||
| 700 | _aKowero M. O | ||
| 700 | _aMukolwe M. O | ||
| 710 | _aFood and Agriculture Organization of the United Nations (FAO) | ||
| 995 |
_aANNEX COLLECTION (Main Library) _D0.00 _e742449 _FCBU-MAIN LIBRARY (Kitwe) _H1 _I0.00 _jSD 356.54.A37 FOR _M5 _UAVAILABLE _WJun 15, 2011 _y742449 _ZAnnex Low-Usage Collection |
||
| 995 |
_aSPECIAL COLLECTIONS _D0.00 _e742445 _FCBU-MAIN LIBRARY (Kitwe) _H1 _I0.00 _jFAO(02)2003/1B _M2 _UAVAILABLE _WJun 15, 2011 _y742445 _ZInternational Publications |
||
| 995 |
_aANNEX COLLECTION (Main Library) _D0.00 _e742450 _FCBU-MAIN LIBRARY (Kitwe) _H1 _I0.00 _jSD 356.54.A37 FOR _M6 _UAVAILABLE _WJun 15, 2011 _y742450 _ZAnnex Low-Usage Collection |
||
| 995 |
_aANNEX COLLECTION (Main Library) _D0.00 _e742448 _FCBU-MAIN LIBRARY (Kitwe) _H1 _I0.00 _jSD 356.54.A37 FOR _M4 _UAVAILABLE _WJun 15, 2011 _y742448 _ZAnnex Low-Usage Collection |
||
| 995 |
_aSPECIAL COLLECTIONS _D0.00 _e742444 _FCBU-MAIN LIBRARY (Kitwe) _H1 _I0.00 _jFAO(02)2003/1A _M1 _UAVAILABLE _WJan 27, 2011 _y742444 _ZInternational Publications |
||
| 995 |
_aANNEX COLLECTION (Main Library) _D0.00 _e742447 _FCBU-MAIN LIBRARY (Kitwe) _H1 _I0.00 _jSD 356.54.A37 FOR _M3 _UAVAILABLE _WJun 15, 2011 _y742447 _ZAnnex Low-Usage Collection |
||
| 999 |
_c63237 _d63237 |
||